000 01045nam a22003377a 4500
003 CHAP
005 20220329141433.0
008 971013s1984 r 00010 d
010 _a68094
011 _a69066
035 _a78540
040 _cCHAP
082 _a631.47
_bH3
100 0 0 _aHaans, J. C. F. M.
_952075
245 _aProgress in land evaluation
_b: Proceedings of a seminar...
260 _aRotterdam :
_bBalkema,
_c1984
300 _a309 p.
_b: ilus. ; gráfs.
500 _a26-226
590 _aBATCH-UPD
_b10
_c20130110
_lUCH01
_h0349
590 _aBATCH-UPD
_b10
_c20130410
_lUCH01
_h1602
590 _aBATCH-UPD
_b10
_c20130914
_lUCH01
_h1558
590 _aCONVERSION
_b10
_c20130109
_lUCH01
_h1337
650 1 4 _aSuelos
_xAlemania.
_9110198
650 1 4 _aSuelos
_xHolanda.
_9110389
650 1 4 _aTierras
_xEvaluación.
_9113113
700 0 _aHeide, G.
_953327
700 0 _aSteur, G. G. L.
_9109716
901 _aBK
942 _cLIBRO
949 _a631.47 H3
_bBC
_cLIBRO
_d33724000079638
_eLIBRO
_gI.135622
_h70641
_i78540
_si
_t285.30
999 _c68094
_d68094